000 00791nas a2200265 4500
001 BR9904360
003 BR-BrBNA
005 20231205101550.0
007 ta
008 230509b bl.|||p| |||| 00| 00por d
040 _aBR-BrBNA
_bpor
_cBiblioteca Nacional de Agricultura
041 _a(Pt)
072 _aQ03
100 1 _aSilva, J.A.
100 1 _aBeraquet, N.J.
245 1 _aSanitizacao da carcaca bovina
650 _aCarcaca
650 _aBovino
650 _aHigiene Veterinaria
650 _aInspecao Veterinaria
650 _aAcido Organico
773 0 _tBoletim da Sociedade Brasileira de Ciencia e Tecnologia de Alimentos (Brazil)
_xISSN 0101-3637
_g(Sep-Dec 1998), v. 32(2) p. 172-179
_wBR9904360
909 _a202311
_bLúcia
_c55
_dLúcia Elande
942 _2AGRIS
_n0
_cANA
999 _c162564
_d162564